Cities in Bosnia and Herzegovina - Statistics

General Stats
  • This quiz has been taken 66 times
  • The average score is 10 of 20
Answers on the Grid
Answers color-coded by a green-red scale on the quiz's grid according to % correct below.
Sarajevo
Subotica
Sanski Most
Tešanj
Slavnoski Brod
Lukavac
Mostar
Banja Luka
Požega
Nova Gradiška
Novi Sad
Gračanica
Travnik
Bihač
Gradiška
Podgorica
Živinice
Prizren
Novo Mesto
Zvornik
Cazin
Slunj
Ilidža
Gospić
Otočac
Doboj
Brčko
Prijedor
Kragujevac
Šid
Bijeljina
Bačka Topola
Skopje
Tuzla
Maribor
Zenica
 
Answer Stats
Answer % Correct
Sarajevo
100%
Banja Luka
70%
Mostar
70%
Travnik
52%
Tuzla
52%
Zenica
52%
Bihač
48%
Brčko
48%
Prijedor
48%
Tešanj
48%
Bijeljina
45%
Doboj
45%
Sanski Most
45%
Cazin
42%
Gradiška
42%
Ilidža
42%
Živinice
42%
Zvornik
42%
Lukavac
36%
Gračanica
33%
No matching quizzes found
Score Distribution
Percent of People with Each Score
Percentile by Number Answered
Your Score History
You have not taken this quiz